000 01147nam a2200337 i 4500
001 198478
003 ES-MaACL
005 20260618184645.0
007 ta
008 260618s1990 sp a|||| |||| 000 0 spa d
017 _aLE 336-1990
_bOficina Depósito Legal León
020 _a84-241-3225-4
040 _aES-MaACL
_bspa
_cES-MaACL
_erda
080 _a821.134.2-31"19"
100 1 _aConde, Carmen,
_d1907-1996
_4aut
_940088
_eaut
245 1 0 _aJúbilos /
_cCarmen Conde ; ilustrado por Julia Díaz de Robertie
264 1 _aLeón :
_bEditorial Everest,
_c1990
300 _a106 páginas :
_bilustraciones (color) ;
_c18 cm
336 _2rdacontent
_aTexto
337 _2rdamedia
_asin mediación
338 _2rdacarrier
_avolumen
490 0 _aColección La torre y la flor ;
_v114
500 _aRegistro provisional
500 _aÍndice
655 4 _aNovelas infantiles
_9226318
700 1 _aDíaz de Robertie, Julia
_4art
_9243236
_eill
852 _aES-MaACL
_cDES
_jDB-244
_xEncuadernación rústica
_9207507
942 _cMONOGRAFIA
_n0
999 _c198478
_d198478